=LDR 00000nam 2200000 4500 =001 INLIS000000000023688 =005 20200225071342 =035 ##$$a 0010-061300000023688 =008 200225################g##########0#ind## =041 ##$$a Ind =082 ##$$a 153.3 =090 ##$$a 153.3, Sar p =100 1#$$a Sartre, Jean Paul =245 1#$$a Psikologi imajinasi /$c Jean Paul Sartre =260 ##$$a Yogyakarta :$b Yay. Bentang Budaya,$c 2001 =300 ##$$a xv, 478 hlm. ; $c 14,5x20,5 cm. =650 #4$$a Psikologi - Imajinasi =850 ##$$a NBPNMAT =084 ##$$a 153.3 SAR p =250 ##$$a cet.3 =504 ##$$a Indeks : hlm. 473 - 478 =990 ##$$a 165.088/Pro.2001 =990 ##$$a 165.091 pro.2001 =990 ##$$a DW00016131 =990 ##$$a 165.091 pro.2001